书目信息 |
| 题名: |
信息光学基础
|
|
| 作者: | ;清华大学光学仪器教研组 编 | |
| 分册: | ||
| 出版信息: | 北京 机械工业出版社 1985.12 |
|
| 页数: | 519页 | |
| 开本: | 20cm | |
| 丛书名: | ||
| 单 册: | ||
| 中图分类: | O438 | |
| 科图分类: | ||
| 主题词: | 光学 | |
| 电子资源: | ||
| ISBN: | ||
| 000 | 00569nam0 2200193 45 | |
| 001 | 0312221749 | |
| 005 | 20040701162018.4 | |
| 010 | @dCNY3.95 | |
| 100 | @a20031222d1985 km y0chiy0120 ea | |
| 101 | @achi | |
| 105 | @a z 000yy | |
| 200 | 1 | @a信息光学基础@AXin Xi Guang Xue Ji Chu@f清华大学光学仪器教研组编@FQing Hua Da Xue Guang Xue Yi Qi Jiao Yan Zu Bian |
| 210 | @a北京@c机械工业出版社@d1985.12 | |
| 215 | @a519页@d20cm | |
| 606 | 0 | @a光学 |
| 690 | @aO438@v3 | |
| 711 | 02 | @a清华大学光学仪器教研组@4编 |
| 801 | @aCN@bTSTCL@c20031222 | |
| 905 | @dO438@e18@f1@b164451 | |
| 信息光学基础/清华大学光学仪器教研组编.-北京:机械工业出版社,1985.12 |
| 519页;20cm |
| ISBN :CNY3.95 |
| ● |
| 相关链接 |
|
|
|
|
正题名:信息光学基础
索取号:O438/18
 
预约/预借
| 序号 | 登录号 | 条形码 | 馆藏地/架位号 | 状态 | 备注 |
| 1 | 0164451 | 001943972 | 第三借阅区/ [索取号:O438/18] | 在馆 | |
| 2 | 0164452 | 001461288 | 第三借阅区/ [索取号:O438/18] | 在馆 | |
| 3 | 0164453 | 202098470 | 第二样本阅览室/ [索取号:O438/18] | 在馆 |